Saw Deaths - Statistics

General Stats
  • This quiz has been taken 210 times
  • The average score is 26 of 101
Answer Stats
Hint Answer % Correct
Exsanguination - Throat slit with power saw John "Jigsaw" Kramer
82%
Exsanguination - Shot in the neck Amanda Young
81%
Dehydration/Starvation - Left for dead by Lawrence Gordon Mark Hoffman
79%
Suffocation - Killed by Amanda Young Adam Stanheight
68%
Severe Brain Trauma - Bludgeoned by Adam Stanheight Zep Hindle
66%
Exsanguination - Killed by Daniel Matthews Xavier Chavez
63%
Exsanguination - Killed by Detective Mark Hoffman Agent Dan Erickson
58%
Total Organ Failure - The Glass Coffin Agent Peter Strahm
58%
Severe Head Trauma - Ice Block Trap Eric Matthews
57%
Gun Shot Wound - Killed by Agent Peter Strahm Jeff Denlon
57%
Immolation - Flammable Jelly Trap Mark Rodriguez
57%
Exsanguination - Knife Chair Trap Cecil Adams
56%
Decapitation / Gun Shot Wound - Shotgun collar trap Dr. Lynn Denlon
54%
Dismemberment - Reverse Bear Trap Jill Tuck
54%
Disembowelment - Angel Trap Detective Allison Kerry
53%
Cervical trauma - Rack Trap Timothy Young
53%
Gun Shot Wound - Shot by Zep Hindle Detective David Tapp
52%
Gun Shot Wound - Killed by Mark Hoffman Officer Daniel Rigg
51%
Immolation - Furnace Trap Obi Tate
50%
Exsanguination - Killed by Detective Mark Hoffman Agent Lindsey Perez
48%
Miscarriage - Killed by Cecil Adams Gideon Kramer
48%
Disembowelment - The Pendulum Trap Seth Baxter
48%
Dismemberment - Garage Trap Dan
47%
Multiple Gun Shot Wounds - Quadruple Shotgun Hallway Trap Detective Steven Sing
47%
Exsanguination - Venus Fly Trap Michael Marks
47%
Exsanguination - Razer Wire Maze Trap Paul Leahy
46%
Gun Shot Wound - Killed by Officer Daniel Rigg Art Blank
40%
Explosion - Classroom Trap Troy
40%
Gun Shot Wound - Magnum Eyehole Trap Gus Colyard
37%
Poisoned - Nerve Gas House Trap Laura Hunter
36%
Dismemberment - Bedroom Trap Ivan Landsness
35%
Exsanguination - Razor Box Trap Addison Corday
34%
Melting / Total Organ Failure - Cage Trap William Easton
33%
Severe Brain Trauma - Killed by Xavier Chavez Jonas Singer
31%
Impaled by multiple glass shards- Glass Grinder Peter Dunleavy
31%
Cervical trauma - The Bathtub Trap Luba Gibbs
28%
Suicide by hanging Matthew
27%
Incinerated - The Ceiling Jars Charles
25%
Ran over by Timothy Young Off Screen Dylan Denlon
24%
Immolation - Brazen Bull Trap Joyce Dagen
24%
Severe brain trauma - Pound of Flesh Trap Eddie
23%
Total organ failure - Killed by Ryan Carly
21%
Exsanguination - Hair Trap Brenda
20%
Freezing - Freezer Room Trap Danica Scott
20%
Disembowelment - Stabbed by Amanda Young Donnie Greco
20%
Mutilation - Cycle Trap Mitch
20%
Gun Shot Wound - Shotgun Keys Anna
19%
Exsanguination - Left for dead in barn Ryan
19%
Internal Bleeding - Oxygen Crusher Trap Hank
18%
Severe Head Trauma - Mausoleum Trap Trevor
18%
Hanging - Hung by barbed wire noose Allen
17%
Disembowelment - Public Execution Trap; Dina
17%
Exsanguination - Garage Trap Evan
17%
Heart disease - Indirectly caused by insurance denial Harold Abbott
17%
Incinerated - Brain Surgery Trap Mateo
17%
Exsanguination - The Silence Circle Nina
17%
Impalement - Spike Trap Rex
17%
Decapitation - Wire Saw Trap Valentina
17%
Gun Shot Wound - Shotgun Carousel Trap Josh
16%
Total dismemberment - Blender Trap Alex
15%
Gun Shot Wound -Shotgun to the head Judge Halden
15%
Exsanguination - Killed by Detective Mark Hoffman Unnamed Police Officer
15%
Exsanguination - Killed by Seth Baxter Angelina Acomb
14%
Decapitation - The Collars Ashley
14%
Impalement/severe brain trauma - Steam Maze Trap Debbie
14%
Gun Shot Wound - Machine Gun Turret Trap Matt Gibson
14%
Cervical trauma - Killed by Cecilia Pederson Gabriela
12%
Severe Head Trauma - Shot with Harpoon Gun Unnamed Police Photographer
12%
Hanging - The Deafening Mask Cale
11%
Gun Shot Wound - Shotgun Carousel Trap Aaron
10%
Asthma attack - Left for dead by Carly Unnamed Asthmatic Woman
10%
Gun Shot Wound - Killed by Detective Mark Hoffman Unnamed Homeless Man
10%
Exsanguination - Killed by Detective Mark Hoffman Unnamed Police Officer
10%
Gun Shot Wound - Machine Gun Turret Trap Unnamed Police Officers
10%
Severe Head Trauma - Laser Collar Trap Detective Halloran
9%
Poisoning - Cyanide Box Trap Five Unnamed SWAT Officers
9%
Hit by truck - Indirectly caused by Mitch John Kramer's Unnamed Nephew
9%
Suffocation - Smothered with pillow by Anna Unnamed Baby
9%
Electrocuted - Finger Trap Fitch
8%
Gun Shot Wounds - Marionette Trap Marcus Banks
8%
Exsanguination - Killed by Cecilia Pederson Parker Sears
8%
Incineration - Died in car explosion Unnamed Car passengers
8%
Electrocution - Staircase trap Unnamed Cops
8%
Gun Shot Wound - Shotgun Carousel Trap Dave
7%
Gun Shot Wound - Killed by Logan Nelson Edgar Munsen
7%
Gun Shot Wound - Shotgun Carousel Trap Gena
7%
Severe Brain Trauma - Garage Trap Kara
7%
Suffocation - Wax Trap Angie Garza
6%
Gun Shot Wound - Killed by Agent Lindsey Perez Sachi
6%
Gun Shot Wound - Killed by Peter Dunleavy Charlie Emmerson
5%
Ran over by car - Garage Trap Jake
5%
Partial Decapitation - Saw Blade Trap Malcolm Neale
5%
Hit by train - Subway Trap Marv Boswick
5%
Exsanguination - Impalement Wheel Trap Suzanne
5%
Cervical trauma - Killed by Detective Mark Hoffman Palmer
4%
Killed by Edgar Munsen Christine Nelson
3%
Exsanguination - Exit Trap Nate Brooks
3%
Exsanguination - Killed by Detective Mark Hoffman Dr. Heffner
2%
Gun Shot Wound - Killed by Fitch Jimmy Lincoln
2%
Gun Shot Wound - Killed by Detective Mark Hoffman Rogers
2%
Overdose Benny Reitz
1%
No matching quizzes found
Score Distribution
Percent of People with Each Score
Percentile by Number Answered
Your Score History
You have not taken this quiz